[Event "TUR-chT2"]
[Site "Konya"]
[Date "2018.07.15"]
[Round "9.22"]
[White "Akin, Tolga"]
[Black "Turhan, Fatih Enes"]
[Result "1-0"]
[WhiteElo "1427"]
[BlackElo "1297"]
[PlyCount "33"]
[EventDate "2018.07.10"]
[EventType "team-swiss"]
[EventRounds "9"]
[EventCountry "TUR"]
[SourceTitle "EXT 2019"]
[Source "ChessBase"]
[SourceDate "2018.10.10"]
[SourceVersion "1"]
[SourceVersionDate "2018.10.10"]
[SourceQuality "1"]
[WhiteTeam "Konya Selcuklu Belediyesi"]
[BlackTeam "Harput Genclik"]
[WhiteTeamCountry "TUR"]
[BlackTeamCountry "TUR"]

1. e4 c5 2. c3 e6 3. Ne2 Nf6 4. g3 Nc6 5. Bg2 a6 6. 0-0 Be7 7. d4 cxd4 8. Nxd4 0-0 9. Nb3 b5 10. e5 Ne8 11. Be3 f6 12. f4 Qc7 13. f5 Qxe5 14. Bf4 Qxf5 15. Be4 Qh5 16. Bg2 Qxd1 17. Rxd1 1-0

[Event "TUR-chT2"]
[Site "Konya"]
[Date "2017.07.09"]
[Round "1"]
[White "Civas, Ege Noyan"]
[Black "Akin, Tolga"]
[Result "1-0"]
[WhiteElo "1621"]
[BlackElo "1546"]
[PlyCount "55"]
[EventDate "2017.07.09"]
[EventType "team-swiss"]
[EventRounds "9"]
[EventCountry "TUR"]
[SourceTitle "CBM 179 Extra"]
[Source "ChessBase"]
[SourceDate "2017.08.23"]
[SourceVersion "1"]
[SourceVersionDate "2017.08.23"]
[SourceQuality "1"]
[WhiteTeam "Sinop Kultur"]
[BlackTeam "Selcuklu Belediyesi"]
[WhiteTeamCountry "TUR"]
[BlackTeamCountry "TUR"]

1. e4 g6 2. d4 Bg7 3. Nc3 d6 4. Be3 Nf6 5. f3 c6 6. Qd2 b5 7. Bh6 Bxh6 8. Qxh6 b4 9. Nd1 Qa5 10. Qd2 Ba6 11. Bxa6 Nxa6 12. Ne2 h5 13. Ne3 0-0 14. h4 Rfd8 15. g4 e5 16. Nf5 gxf5 17. Qg5+ Kf8 18. Qxf6 exd4 19. Nf4 b3+ 20. Kf2 Ke8 21. axb3 Qd2+ 22. Kg3 fxe4 23. Rxa6 e3 24. Nxh5 Qf2+ 25. Kf4 e2 26. Ng7+ Kf8 27. Nf5 e1Q 28. Qh8# 1-0